عمران القاهرة التطور والتحول والتحديث فى الناتج العمرانى فى مصر منذ نهاية القرن الثامن عشر وحتى بدايات القرن الحادى والعشرين
محفوظ في:
المؤلف الرئيسي:
التنسيق: كتاب
اللغة: Undetermined
منشور في:
albahrayn :
The Kingdom University,
2010.
الوسوم: إضافة وسم
لا توجد وسوم, كن أول من يضع وسما على هذه التسجيلة!
رقم الطلب: NA1583 .H34
| LEADER | 00601nam a2200133Ia 4500 | ||
|---|---|---|---|
| 008 | 240329s9999||||xx |||||||||||||| ||und|| | ||
| 020 | |a 978-9995820305 | ||
| 050 | 4 | |a NA1583 .H34 | |
| 100 | 1 | |a خالد محمود هيبة. | |
| 245 | 1 | 0 | |a عمران القاهرة |b التطور والتحول والتحديث فى الناتج العمرانى فى مصر منذ نهاية القرن الثامن عشر وحتى بدايات القرن الحادى والعشرين |c خالد محمود هيبة |
| 264 | 1 | |a albahrayn : |b The Kingdom University, |c 2010. | |
| 300 | |a 616 |c 24 cm | ||
| 942 | |2 lcc |c BK | ||
| 999 | |c 57687 |d 57687 | ||
